| 000 | 01231nam a2200301Ia 4500 | ||
|---|---|---|---|
| 001 | 5343 | ||
| 003 | IT-RoPAU | ||
| 008 | 130308s9999 xx 000 0 und d | ||
| 040 | _aIT-RoPAU | ||
| 040 | _cIT-RoPAU | ||
| 041 | _aFRANCESE | ||
| 100 | _aGabel Emile | ||
| 100 | _gCodice Aut. SPICS: 6362 | ||
| 245 | _aEnjeu des media (L') | ||
| 245 | _bEnjeu des Media (L') | ||
| 250 | _a1a ed. | ||
| 260 | _aPARIS | ||
| 260 | _bMame | ||
| 260 | _c1971 [1° Ed.:1971 - Ed.Ling.Originale:1971] | ||
| 300 | _a"472 p. (prefazione: no ; testo: 472)" | ||
| 500 | _aStampa e giornalista Stampa Cattolica giornale Giornalismo giornalista leggi Generali della Stampa Cattolica Stampa del Popolo di Dio Funzione profetica del giornalista Informazione e Opinione Pubblica Informazione Religiosatecniche di Diffusione dell'Apostolato Moderno Chiesa e Opinione Pubblica Diritto all'informazione Problema del Segreto Opinione Pubblica e Azione Pastorale Informazione e Sviluppo Comunicazione Sociale Decreto Inter Mirifica Approccio Teologico Alla Comunicazione Sociale | ||
| 650 | _aSAGGI PASTORALE COMUNICAZIONE SOCIALE | ||
| 650 | _eCodice materia Spics: 9311 | ||
| 942 | _cBK | ||
| 957 | _71 | ||
| 999 |
_c76108 _d76108 |
||
| 999 | _bSI | ||
| 999 | _g2 | ||